| 000 | 01160nam a22002537a 4500 | ||
|---|---|---|---|
| 005 | 20240530110434.0 | ||
| 008 | 150406s2011 ua a g 000 0 ara d | ||
| 017 |
_a2010/14110 _bمصر . دار الكتب المصرية |
||
| 020 | _a9789774280139 | ||
| 040 | _aEG-CaGPL | ||
| 082 | 0 | 4 |
_221 _a953.03\ _bع ح |
| 100 | 0 | _aعلاء الدين عبدالغفار. | |
| 245 | 1 | 0 |
_aحركات التمرد و العصيان فى التاريخ الاسلامى : _bمنذ قيام الدولة الاموية حتى نهاية العصر العباسى الاول ( 41 - 232 هـ / 661 - 847 م ) / _cعلاء الدين عبدالغفار. |
| 250 | _aط1. | ||
| 260 |
_aالقاهرة : _bمصر العربية للنشر و التوزيع ، _c2011. |
||
| 300 |
_a511 ص ؛ _c24 سم. |
||
| 504 | _aيشتمل على ارجاعات ببليوجرافية | ||
| 650 | 0 | 4 | _aالتاريخ الاسلامى |
| 651 | 0 | 4 | _aالدولة الاموية ( 661 - 750 م ) |
| 651 | 0 | 4 |
_aالدولة الاموية _yعصر الضعف |
| 651 | 0 | 4 |
_aالدولة الاموية _yسقوط |
| 942 |
_2ddc _cBK |
||
| 999 |
_c60909 _d60909 |
||